[Event "Nationale pupillendag 2013"]
[Site "Roosendaal"]
[Date "2013.06.15"]
[Round "2.8"]
[White "Kudlicka, Marek"]
[Black "Vlad, Mihnea"]
[Result "1/2-1/2"]
[LiveChessVersion "1.4.2"]
[BlackElo "723"]
[WhiteElo "617"]

1. e4 {[%clk 0:19:59]} e5 {[%clk 0:19:57]} 2. Nf3 {[%clk 0:19:58]} Nc6
{[%clk 0:19:53]} 3. Bc4 {[%clk 0:19:56]} Bc5 {[%clk 0:19:40]} 4. Nc3
{[%clk 0:19:53]} Nf6 {[%clk 0:19:37]} 5. d3 {[%clk 0:19:50]} Ng4 {[%clk 0:19:19]}
6. O-O {[%clk 0:19:46]} Nf6 {[%clk 0:19:02]} 7. Ng5 {[%clk 0:19:40]} O-O
{[%clk 0:18:56]} 8. Nf3 {[%clk 0:19:31]} d6 {[%clk 0:18:51]} 9. h3
{[%clk 0:19:28]} Be6 {[%clk 0:18:39]} 10. Bg5 {[%clk 0:19:20]} Bxc4
{[%clk 0:18:32]} 11. dxc4 {[%clk 0:19:19]} Bd4 {[%clk 0:18:25]} 12. Nxd4
{[%clk 0:19:13]} Nxd4 {[%clk 0:18:23]} 13. Nd5 {[%clk 0:19:07]} c6
{[%clk 0:17:12]} 14. Nxf6+ {[%clk 0:18:54]} gxf6 {[%clk 0:17:10]} 15. Bh6
{[%clk 0:18:50]} Ne6 {[%clk 0:15:46]} 16. Bxf8 {[%clk 0:18:37]} Qxf8
{[%clk 0:15:39]} 17. Qg4+ Qg7 {[%clk 0:15:33]} 18. Qxg7+ {[%clk 0:18:31]} Kxg7
{[%clk 0:15:31]} 19. a4 {[%clk 0:18:23]} Nf4 {[%clk 0:15:30]} 20. Rae1
{[%clk 0:18:09]} d5 {[%clk 0:15:26]} 21. exd5 {[%clk 0:18:06]} cxd5
{[%clk 0:15:26]} 22. cxd5 {[%clk 0:18:04]} Nxd5 {[%clk 0:15:23]} 23. c4
{[%clk 0:17:59]} Nf4 {[%clk 0:15:18]} 24. Re4 {[%clk 0:17:47]} Rd8
{[%clk 0:15:08]} 25. Re3 {[%clk 0:17:34]} f5 {[%clk 0:14:20]} 26. Rxe5
{[%clk 0:17:27]} Rd6 {[%clk 0:14:18]} 27. Rxf5 {[%clk 0:17:19]} Rd4
{[%clk 0:14:10]} 28. b3 {[%clk 0:17:14]} Kg6 {[%clk 0:14:05]} 29. Re5
{[%clk 0:17:08]} Rd3 {[%clk 0:13:25]} 30. Re4 {[%clk 0:16:59]} Kf5
{[%clk 0:13:17]} 31. f3 {[%clk 0:16:51]} Rxb3 {[%clk 0:13:08]} 32. g4+
{[%clk 0:16:36]} Kg5 {[%clk 0:13:01]} 33. Re5+ {[%clk 0:16:30]} Kf6
{[%clk 0:12:53]} 34. Rfe1 {[%clk 0:16:27]} Rxf3 {[%clk 0:12:32]} 35. g5+
{[%clk 0:16:19]} Kg6 {[%clk 0:12:23]} 36. Rf1 {[%clk 0:15:58]} Nxh3+
{[%clk 0:11:16]} 37. Kg2 {[%clk 0:15:55]} Ra3 {[%clk 0:11:14]} 38. Rf3
{[%clk 0:15:25]} f6 {[%clk 0:09:55]} 39. Rxa3 {[%clk 0:15:06]} Nf4+
{[%clk 0:09:45]} 40. Kg3 {[%clk 0:14:56]} fxe5 {[%clk 0:09:44]} 41. Kg4
{[%clk 0:14:54]} h6 {[%clk 0:08:58]} 42. gxh6 {[%clk 0:14:50]} Kxh6
{[%clk 0:08:57]} 43. Re3 {[%clk 0:14:44]} Ng6 {[%clk 0:08:22]} 44. Kf5
{[%clk 0:14:18]} Kh5 45. Rg3 {[%clk 0:13:57]} Ne7+ {[%clk 0:07:22]} 46. Kxe5
{[%clk 0:13:54]} Nc6+ {[%clk 0:07:16]} 47. Kd5 {[%clk 0:13:48]} Na5
{[%clk 0:07:13]} 48. Rg7 {[%clk 0:13:45]} Kh6 {[%clk 0:07:03]} 49. Rg8
{[%clk 0:13:37]} Kh7 {[%clk 0:06:59]} 50. Rc8 {[%clk 0:13:33]} Kg7
{[%clk 0:06:55]} 51. Ra8 {[%clk 0:13:29]} a6 {[%clk 0:06:51]} 52. Kc5
{[%clk 0:13:19]} Kf7 {[%clk 0:06:22]} 53. Kb6 {[%clk 0:13:17]} Nxc4+
{[%clk 0:06:21]} 54. Kxb7 {[%clk 0:13:15]} a5 {[%clk 0:06:13]} 55. Rc8
{[%clk 0:13:06]} Nd6+ {[%clk 0:06:08]} 56. Ka6 {[%clk 0:12:58]} Nxc8
{[%clk 0:06:07]} 57. Kxa5 {[%clk 0:12:57]} Ke7 58. Ka6 {[%clk 0:12:55]} Kd7
{[%clk 0:06:06]} 59. Kb5 {[%clk 0:12:48]} Kc7 {[%clk 0:06:05]} 60. Ka6
{[%clk 0:12:46]} Nb6 {[%clk 0:06:01]} 61. a5 {[%clk 0:12:41]} Na8
{[%clk 0:05:54]} 62. Ka7 {[%clk 0:12:35]} Kc6 {[%clk 0:05:39]} 63. a6
{[%clk 0:12:24]} Nb6 {[%clk 0:05:31]} 64. Kb8 {[%clk 0:12:16]} Kb5
{[%clk 0:05:20]} 65. a7 {[%clk 0:12:13]} Kc6 {[%clk 0:05:19]} 1/2-1/2

[Event "Nationale pupillendag 2013"]
[Site "Roosendaal"]
[Date "2013.06.15"]
[Round "2.9"]
[White "Kutchoukov, Daniel"]
[Black "Pham, Khoi"]
[Result "0-1"]
[LiveChessVersion "1.4.2"]
[BlackElo "948"]
[WhiteElo "563"]

1. d4 {[%clk 0:19:57]} Nf6 {[%clk 0:19:59]} 2. Bg5 {[%clk 0:19:53]} h6
{[%clk 0:19:54]} 3. Bh4 {[%clk 0:19:48]} g5 {[%clk 0:19:50]} 4. Bg3
{[%clk 0:19:46]} Bg7 {[%clk 0:19:47]} 5. Nf3 {[%clk 0:19:36]} d6 {[%clk 0:19:35]}
6. e3 {[%clk 0:19:34]} Be6 {[%clk 0:19:32]} 7. Bd3 {[%clk 0:19:29]} Nc6
{[%clk 0:19:20]} 8. O-O {[%clk 0:19:16]} Bg4 {[%clk 0:19:08]} 9. h3
{[%clk 0:19:10]} Bh5 {[%clk 0:19:02]} 10. Nbd2 {[%clk 0:18:47]} Qd7
{[%clk 0:18:58]} 11. Bh2 {[%clk 0:18:29]} O-O-O {[%clk 0:18:49]} 12. Nc4
{[%clk 0:18:14]} d5 {[%clk 0:18:45]} 13. Nce5 Nxe5 {[%clk 0:18:38]} 14. Nxe5
{[%clk 0:18:07]} Qe6 {[%clk 0:18:16]} 15. Qd2 {[%clk 0:17:37]} g4
{[%clk 0:18:00]} 16. hxg4 {[%clk 0:17:23]} Nxg4 {[%clk 0:17:49]} 17. Nxg4
{[%clk 0:16:56]} Bxg4 {[%clk 0:17:42]} 18. c3 {[%clk 0:16:25]} Rdg8
{[%clk 0:17:30]} 19. Qc2 {[%clk 0:16:23]} Kb8 {[%clk 0:17:05]} 20. c4
{[%clk 0:15:11]} Bf6 {[%clk 0:16:00]} 21. cxd5 {[%clk 0:14:48]} Qxd5
{[%clk 0:15:49]} 22. Bc4 {[%clk 0:14:35]} Qh5 23. Bd3 {[%clk 0:13:21]} Bf3
{[%clk 0:15:16]} 24. Qxc7+ {[%clk 0:13:09]} Ka8 {[%clk 0:15:08]} 25. Ba6
{[%clk 0:12:51]} Rxg2+ {[%clk 0:15:01]} 26. Kh1 {[%clk 0:12:42]} Rxh2+ 27. Kg1
{[%clk 0:12:16]} Rh1# {[%clk 0:14:26]} 0-1

[Event "Nationale pupillendag 2013"]
[Site "Roosendaal"]
[Date "2013.06.15"]
[Round "2.10"]
[White "Van Steenoven, Luuk"]
[Black "Sahin, Loran"]
[Result "1-0"]
[LiveChessVersion "1.4.2"]
[BlackElo "543"]
[WhiteElo "939"]

1. e4 {[%clk 0:19:59]} d6 {[%clk 0:19:58]} 2. d4 {[%clk 0:19:57]} e6
{[%clk 0:19:55]} 3. Nf3 {[%clk 0:19:55]} Nf6 {[%clk 0:19:49]} 4. Bg5
{[%clk 0:19:50]} Nc6 {[%clk 0:19:38]} 5. Nc3 {[%clk 0:19:44]} h6 {[%clk 0:19:31]}
6. Bh4 {[%clk 0:19:42]} b6 {[%clk 0:19:22]} 7. Bb5 {[%clk 0:19:36]} Bd7
{[%clk 0:19:16]} 8. Qe2 {[%clk 0:19:24]} Qe7 {[%clk 0:19:00]} 9. Bxc6
{[%clk 0:19:18]} Bxc6 {[%clk 0:18:55]} 10. e5 {[%clk 0:19:17]} g5
{[%clk 0:18:35]} 11. exf6 {[%clk 0:19:10]} Qxf6 {[%clk 0:18:21]} 12. Bg3
{[%clk 0:19:07]} g4 {[%clk 0:18:12]} 13. Nd2 {[%clk 0:18:47]} Qxd4
{[%clk 0:17:56]} 14. Qc4 {[%clk 0:18:31]} Qxc4 {[%clk 0:17:40]} 15. Nxc4
{[%clk 0:18:28]} Bxg2 {[%clk 0:17:32]} 16. Rg1 {[%clk 0:18:27]} Bd5
{[%clk 0:17:24]} 17. Ne3 {[%clk 0:18:21]} Bc6 {[%clk 0:16:58]} 18. O-O-O
{[%clk 0:18:15]} O-O-O {[%clk 0:16:40]} 19. Nxg4 {[%clk 0:17:57]} Bf3
{[%clk 0:16:33]} 20. Rd4 {[%clk 0:17:54]} Kb8 {[%clk 0:16:19]} 21. Nf6
{[%clk 0:17:44]} Bg7 {[%clk 0:16:01]} 22. Bh4 {[%clk 0:17:43]} e5
{[%clk 0:15:39]} 23. Rd2 {[%clk 0:17:37]} Bf8 {[%clk 0:15:18]} 24. Ncd5
{[%clk 0:17:24]} Bxd5 {[%clk 0:14:53]} 25. Nxd5 {[%clk 0:17:21]} h5
{[%clk 0:14:50]} 26. Bxd8 {[%clk 0:17:19]} Bh6 {[%clk 0:14:45]} 27. Bg5
{[%clk 0:17:14]} Rg8 {[%clk 0:14:31]} 28. h4 {[%clk 0:17:12]} c6 {[%clk 0:14:23]}
29. Ne7 {[%clk 0:17:08]} Rg7 {[%clk 0:14:08]} 30. Rdd1 {[%clk 0:16:53]} f6
{[%clk 0:14:04]} 31. Bxh6 {[%clk 0:16:51]} Rxe7 {[%clk 0:13:55]} 32. Rg8+
{[%clk 0:16:50]} Kc7 {[%clk 0:13:51]} 33. Rg7 {[%clk 0:16:48]} Rxg7
{[%clk 0:13:48]} 34. Bxg7 {[%clk 0:16:48]} f5 {[%clk 0:13:37]} 35. f3
{[%clk 0:16:40]} Kd7 {[%clk 0:13:16]} 36. Bxe5 {[%clk 0:16:33]} Ke6
{[%clk 0:13:05]} 37. Bxd6 {[%clk 0:16:30]} a5 {[%clk 0:13:02]} 38. f4
{[%clk 0:16:27]} c5 {[%clk 0:12:58]} 39. Be5 {[%clk 0:16:23]} c4 {[%clk 0:12:55]}
40. Rd6+ {[%clk 0:16:22]} Ke7 {[%clk 0:12:44]} 41. Rxb6 {[%clk 0:16:18]} Kd7
{[%clk 0:12:37]} 42. Rb5 {[%clk 0:16:12]} a4 {[%clk 0:12:32]} 43. Rb4
{[%clk 0:16:08]} Kc6 {[%clk 0:12:22]} 44. Rxc4+ {[%clk 0:15:52]} Kb5
{[%clk 0:12:11]} 45. Rxa4 {[%clk 0:15:47]} Kxa4 {[%clk 0:12:04]} 46. c4
{[%clk 0:15:46]} Kb4 {[%clk 0:12:03]} 47. b3 {[%clk 0:15:45]} Kc5
{[%clk 0:11:58]} 48. a4 {[%clk 0:15:42]} Kb4 {[%clk 0:11:46]} 49. a5
{[%clk 0:15:40]} Kxa5 {[%clk 0:11:44]} 50. c5 {[%clk 0:15:40]} Kb5
{[%clk 0:11:42]} 51. b4 {[%clk 0:15:39]} Kc6 {[%clk 0:11:26]} 52. Kd2
{[%clk 0:15:34]} Kb5 {[%clk 0:11:23]} 53. Kc3 {[%clk 0:15:32]} Kc6
{[%clk 0:11:22]} 54. Kc4 {[%clk 0:15:32]} Kb7 {[%clk 0:11:18]} 55. b5
{[%clk 0:15:31]} Ka8 {[%clk 0:11:11]} 56. Bb8 {[%clk 0:15:21]} Kxb8
{[%clk 0:10:57]} 57. Kd5 {[%clk 0:15:17]} Kb7 {[%clk 0:10:55]} 58. c6+
{[%clk 0:15:16]} Kc7 {[%clk 0:10:52]} 59. b6+ {[%clk 0:15:13]} Kxb6
{[%clk 0:10:36]} 60. Kd6 {[%clk 0:15:11]} Ka7 {[%clk 0:10:34]} 61. c7
{[%clk 0:15:07]} Kb6 {[%clk 0:10:27]} 62. c8=Q {[%clk 0:15:01]} Kb5
{[%clk 0:10:26]} 63. Qc5+ {[%clk 0:14:59]} Ka6 {[%clk 0:10:22]} 64. Qb4
{[%clk 0:14:59]} Ka7 {[%clk 0:10:21]} 65. Kc7 {[%clk 0:14:56]} Ka8
{[%clk 0:10:18]} 66. Qa4# {[%clk 0:14:55]} 1-0

[Event "Nationale pupillendag 2013"]
[Site "Roosendaal"]
[Date "2013.06.15"]
[Round "2.11"]
[White "Beukema, Constantijn"]
[Black "Reina, Leon"]
[Result "1-0"]
[LiveChessVersion "1.4.2"]
[BlackElo "738"]
[WhiteElo "516"]

1. e4 {[%clk 0:19:59]} e5 {[%clk 0:19:59]} 2. Nf3 {[%clk 0:19:57]} Nc6
{[%clk 0:19:59]} 3. Nc3 {[%clk 0:19:54]} Bc5 {[%clk 0:19:57]} 4. Bc4
{[%clk 0:19:48]} Nf6 {[%clk 0:19:55]} 5. d3 {[%clk 0:19:46]} d6 {[%clk 0:19:54]}
6. Bg5 {[%clk 0:19:41]} h6 {[%clk 0:19:52]} 7. Be3 {[%clk 0:19:26]} Bd4
{[%clk 0:19:45]} 8. Bxd4 {[%clk 0:19:21]} Nxd4 {[%clk 0:19:41]} 9. O-O
{[%clk 0:19:14]} Bg4 {[%clk 0:19:39]} 10. Nd5 {[%clk 0:18:15]} Nxd5
{[%clk 0:19:35]} 11. Bxd5 {[%clk 0:18:13]} c6 {[%clk 0:19:34]} 12. Bc4 b5 13. Bb3
{[%clk 0:18:03]} a5 {[%clk 0:19:30]} 14. c3 {[%clk 0:18:02]} Bxf3
{[%clk 0:19:15]} 15. gxf3 {[%clk 0:17:59]} Qg5+ {[%clk 0:19:14]} 16. Kh1
{[%clk 0:17:55]} Nxb3 {[%clk 0:19:09]} 17. axb3 O-O {[%clk 0:18:53]} 18. c4
{[%clk 0:17:44]} f5 {[%clk 0:18:44]} 19. Rg1 {[%clk 0:17:25]} Qf4
{[%clk 0:18:33]} 20. Rg2 {[%clk 0:17:15]} fxe4 {[%clk 0:18:28]} 21. fxe4
{[%clk 0:17:12]} Qf3 {[%clk 0:18:14]} 22. Qxf3 {[%clk 0:17:03]} Rxf3 23. b4
{[%clk 0:16:43]} a4 {[%clk 0:18:13]} 24. Ra3 {[%clk 0:16:13]} Raf8
{[%clk 0:17:57]} 25. Kg1 {[%clk 0:16:08]} bxc4 {[%clk 0:17:52]} 26. dxc4
{[%clk 0:16:06]} Rxa3 {[%clk 0:17:51]} 27. bxa3 {[%clk 0:16:04]} Rf3
{[%clk 0:17:47]} 28. Rg3 {[%clk 0:16:01]} Rf4 {[%clk 0:17:42]} 29. Re3
{[%clk 0:15:57]} Kf7 {[%clk 0:17:35]} 30. Kg2 {[%clk 0:15:53]} Kf6
{[%clk 0:17:22]} 31. Kg3 {[%clk 0:15:51]} g5 {[%clk 0:17:17]} 32. b5 h5 33. Kg2
{[%clk 0:15:18]} h4 {[%clk 0:16:49]} 34. bxc6 {[%clk 0:15:18]} Ke6
{[%clk 0:16:48]} 35. h3 {[%clk 0:14:58]} Rf8 {[%clk 0:16:40]} 36. Re2
{[%clk 0:14:53]} Rb8 {[%clk 0:16:34]} 37. Rb2 {[%clk 0:14:51]} d5
{[%clk 0:16:33]} 38. exd5+ {[%clk 0:14:50]} Kxd5 {[%clk 0:16:32]} 39. Kf3+
{[%clk 0:14:48]} Kxc4 {[%clk 0:16:24]} 40. Kg4 {[%clk 0:14:45]} Rb5
{[%clk 0:16:17]} 41. Rxb5 {[%clk 0:14:44]} Kxb5 {[%clk 0:16:16]} 42. Kxg5 Kc4 43.
Kxh4 {[%clk 0:14:39]} Kb3 {[%clk 0:16:15]} 44. Kg5 {[%clk 0:14:37]} Kxa3
{[%clk 0:16:14]} 45. h4 {[%clk 0:14:36]} Kb2 {[%clk 0:16:13]} 46. h5
{[%clk 0:14:35]} a3 {[%clk 0:16:12]} 47. h6 {[%clk 0:14:34]} a2 {[%clk 0:16:11]}
48. h7 {[%clk 0:14:33]} a1=Q {[%clk 0:16:04]} 49. h8=Q Qg1+ 50. Kf5
{[%clk 0:14:19]} Qxf2+ {[%clk 0:16:00]} 51. Kxe5 {[%clk 0:14:16]} Qd2
{[%clk 0:15:45]} 52. Kf5+ {[%clk 0:14:07]} Kc2 {[%clk 0:15:42]} 53. Qc8
{[%clk 0:14:02]} Kd1 {[%clk 0:15:38]} 54. Qh8 {[%clk 0:13:41]} Qd3+
{[%clk 0:15:31]} 55. Kg5 {[%clk 0:13:39]} Qg3+ {[%clk 0:15:26]} 56. Kf5
{[%clk 0:13:38]} Qd3+ {[%clk 0:15:24]} 57. Ke6 {[%clk 0:13:36]} Qc4+
{[%clk 0:15:20]} 58. Kf5 {[%clk 0:13:34]} Qf7+ {[%clk 0:15:17]} 59. Qf6
{[%clk 0:13:32]} Qd5+ {[%clk 0:15:15]} 60. Qe5 {[%clk 0:13:29]} Qd3+
{[%clk 0:15:05]} 61. Qe4 {[%clk 0:13:28]} Qf1+ {[%clk 0:15:02]} 62. Qf4
{[%clk 0:13:25]} Qb5+ {[%clk 0:14:57]} 63. Qe5 {[%clk 0:13:23]} Qb1+
{[%clk 0:14:49]} 64. Qe4 {[%clk 0:13:20]} Qb5+ {[%clk 0:14:35]} 65. Qe5
{[%clk 0:13:18]} Qc4 {[%clk 0:14:30]} 66. Qd6+ {[%clk 0:13:08]} Kc1
{[%clk 0:14:27]} 67. Qf4+ {[%clk 0:13:06]} Kb2 {[%clk 0:14:24]} 68. Qxc4
{[%clk 0:13:04]} Ka3 {[%clk 0:14:18]} 69. Qb5 {[%clk 0:13:02]} Ka2
{[%clk 0:14:15]} 70. Ke4 {[%clk 0:13:00]} Ka3 {[%clk 0:14:13]} 71. Kd3
{[%clk 0:12:59]} Ka2 {[%clk 0:14:12]} 72. Kc3 {[%clk 0:12:58]} Ka1
{[%clk 0:14:11]} 73. Qb2# 1-0

[Event "Nationale pupillendag 2013"]
[Site "Roosendaal"]
[Date "2013.06.15"]
[Round "2.12"]
[White "Kien, Clovis"]
[Black "Maters, Luc"]
[Result "1-0"]
[LiveChessVersion "1.4.2"]
[BlackElo "410"]
[WhiteElo "687"]

1. e4 {[%clk 0:19:57]} e5 {[%clk 0:20:00]} 2. Nf3 {[%clk 0:19:55]} Nc6
{[%clk 0:19:59]} 3. Nc3 {[%clk 0:19:52]} Nf6 {[%clk 0:19:57]} 4. Bb5
{[%clk 0:19:47]} Bc5 {[%clk 0:19:47]} 5. Bxc6 {[%clk 0:19:45]} bxc6
{[%clk 0:19:45]} 6. Nxe5 {[%clk 0:19:40]} O-O {[%clk 0:19:30]} 7. d4
{[%clk 0:19:30]} Bxd4 {[%clk 0:19:24]} 8. Qxd4 {[%clk 0:19:28]} d6
{[%clk 0:19:23]} 9. Nf3 {[%clk 0:19:25]} d5 {[%clk 0:19:17]} 10. O-O
{[%clk 0:19:06]} Be6 {[%clk 0:19:10]} 11. Bg5 {[%clk 0:19:01]} c5
{[%clk 0:18:58]} 12. Qxc5 {[%clk 0:18:48]} h6 {[%clk 0:18:39]} 13. e5
{[%clk 0:18:37]} Ne4 {[%clk 0:18:32]} 14. Nxe4 {[%clk 0:18:31]} dxe4
{[%clk 0:18:30]} 15. Bxd8 {[%clk 0:18:28]} Raxd8 {[%clk 0:18:24]} 16. Nh4
{[%clk 0:18:21]} Rd5 {[%clk 0:18:20]} 17. Qe3 {[%clk 0:18:14]} Rxe5
{[%clk 0:18:17]} 18. Rad1 {[%clk 0:18:09]} Bc4 {[%clk 0:18:03]} 19. b3
{[%clk 0:18:05]} Bxf1 {[%clk 0:18:00]} 20. Kxf1 {[%clk 0:18:01]} Ra5
{[%clk 0:17:48]} 21. a4 {[%clk 0:17:59]} Rh5 {[%clk 0:17:39]} 22. Qxe4
{[%clk 0:17:55]} a6 {[%clk 0:17:32]} 23. Qc4 {[%clk 0:17:50]} Rc8
{[%clk 0:17:26]} 24. Ng6 {[%clk 0:17:47]} Kh7 {[%clk 0:17:19]} 25. Qxf7
{[%clk 0:17:37]} Rxh2 {[%clk 0:17:07]} 26. Ke2 Rxg2 {[%clk 0:17:00]} 27. Nf8+
{[%clk 0:17:19]} Rxf8 28. Qxf8 {[%clk 0:17:17]} g6 {[%clk 0:16:49]} 29. Rd2 1-0

[Event "Nationale pupillendag 2013"]
[Site "Roosendaal"]
[Date "2013.06.15"]
[Round "2.13"]
[White "Mooibroek, Willem"]
[Black "Van Cleef, Matteo"]
[Result "0-1"]
[LiveChessVersion "1.4.2"]
[BlackElo "683"]
[WhiteElo "358"]

1. e4 {[%clk 0:19:58]} e5 {[%clk 0:19:59]} 2. Nf3 {[%clk 0:19:54]} Nc6
{[%clk 0:19:58]} 3. Bc4 {[%clk 0:19:46]} Bc5 {[%clk 0:19:52]} 4. c3
{[%clk 0:19:37]} Nf6 {[%clk 0:19:33]} 5. d4 {[%clk 0:19:33]} exd4
{[%clk 0:19:30]} 6. cxd4 {[%clk 0:19:30]} Nxd4 {[%clk 0:19:13]} 7. Nxd4
{[%clk 0:19:19]} Nxe4 {[%clk 0:18:43]} 8. Qe2 {[%clk 0:19:11]} Qe7
{[%clk 0:18:08]} 9. Nf5 {[%clk 0:18:51]} Qe5 {[%clk 0:16:27]} 10. Bd3
{[%clk 0:18:03]} Bxf2+ {[%clk 0:16:09]} 11. Kd1 {[%clk 0:17:39]} Qxf5
{[%clk 0:15:14]} 12. Bxe4 {[%clk 0:17:34]} Qe5 {[%clk 0:14:39]} 13. Rf1
{[%clk 0:16:30]} Bb6 {[%clk 0:14:24]} 14. Nc3 {[%clk 0:15:27]} O-O
{[%clk 0:13:56]} 15. Qf3 {[%clk 0:14:52]} c6 {[%clk 0:13:13]} 16. Re1
{[%clk 0:14:09]} Qd6+ {[%clk 0:12:44]} 17. Bd2 {[%clk 0:13:07]} Qb4
{[%clk 0:12:11]} 18. b3 {[%clk 0:12:44]} Qd6 {[%clk 0:11:35]} 19. Qh5
{[%clk 0:11:57]} g6 {[%clk 0:11:06]} 20. Qh4 {[%clk 0:10:44]} Ba5
{[%clk 0:10:43]} 21. Re3 {[%clk 0:09:53]} Qd4 {[%clk 0:08:51]} 22. Rd3
{[%clk 0:08:56]} Qb4 {[%clk 0:07:25]} 23. Bh6 {[%clk 0:07:37]} Re8
{[%clk 0:06:20]} 24. Qf6 {[%clk 0:07:24]} Qf8 {[%clk 0:06:02]} 25. Bxf8
{[%clk 0:07:10]} Rxf8 {[%clk 0:05:54]} 26. h4 {[%clk 0:06:33]} d5
{[%clk 0:05:39]} 27. Bxd5 {[%clk 0:05:49]} cxd5 {[%clk 0:05:35]} 28. Rxd5
{[%clk 0:05:46]} Bb6 {[%clk 0:05:20]} 29. h5 {[%clk 0:05:30]} Bg4+
{[%clk 0:04:58]} 30. Ne2 {[%clk 0:04:51]} Bxh5 {[%clk 0:04:51]} 31. Kc2
{[%clk 0:04:23]} Bxe2 {[%clk 0:04:36]} 32. Rh1 {[%clk 0:04:03]} Rfe8
{[%clk 0:04:05]} 33. Qh4 {[%clk 0:03:53]} Rac8+ {[%clk 0:03:33]} 34. Kd2
{[%clk 0:03:43]} h5 {[%clk 0:03:14]} 35. Re1 {[%clk 0:03:01]} Be3+
{[%clk 0:02:46]} 36. Kxe2 {[%clk 0:02:51]} Bg5+ {[%clk 0:02:45]} 37. Kf1
{[%clk 0:01:17]} Bxh4 {[%clk 0:02:42]} 38. Red1 {[%clk 0:00:40]} Rc2
{[%clk 0:02:07]} 39. a4 {[%clk 0:00:35]} Ree2 {[%clk 0:01:55]} 40. b4
{[%clk 0:00:02]} Rf2+ {[%clk 0:01:49]} 41. Ke1 Rce2# 0-1

[Event "Nationale pupillendag 2013"]
[Site "Roosendaal"]
[Date "2013.06.15"]
[Round "2.14"]
[White "Piersma, Wisse"]
[Black "Van der Noordaa, Niek"]
[Result "1-0"]
[LiveChessVersion "1.4.2"]
[BlackElo "365"]
[WhiteElo "602"]

1. e4 {[%clk 0:19:57]} f6 {[%clk 0:19:58]} 2. Nf3 {[%clk 0:19:51]} Nc6
{[%clk 0:19:52]} 3. d4 {[%clk 0:19:43]} e6 {[%clk 0:19:47]} 4. Nc3
{[%clk 0:19:35]} d5 {[%clk 0:19:44]} 5. e5 fxe5 6. dxe5 Nh6 7. Bxh6
{[%clk 0:18:25]} gxh6 {[%clk 0:19:42]} 8. Bb5 {[%clk 0:18:13]} a6
{[%clk 0:19:41]} 9. Bxc6+ {[%clk 0:18:05]} bxc6 {[%clk 0:19:39]} 10. O-O
{[%clk 0:17:47]} d4 {[%clk 0:19:30]} 11. Nxd4 {[%clk 0:17:24]} c5
{[%clk 0:19:29]} 12. Nc6 {[%clk 0:16:40]} Qg5 {[%clk 0:19:18]} 13. f4
{[%clk 0:16:14]} Qg8 {[%clk 0:19:13]} 14. Qd8+ {[%clk 0:15:58]} Kf7
{[%clk 0:19:07]} 15. f5 {[%clk 0:15:26]} Bb7 {[%clk 0:18:53]} 16. fxe6+
{[%clk 0:15:06]} Kxe6 {[%clk 0:18:51]} 17. Qd5# {[%clk 0:14:38]} 1-0

[Event "Nationale pupillendag 2013"]
[Site "Roosendaal"]
[Date "2013.06.15"]
[Round "2.15"]
[White "Roskam, Boaz"]
[Black "Pols, Lennart"]
[Result "1-0"]
[LiveChessVersion "1.4.2"]
[BlackElo "588"]
[WhiteElo "343"]

1. d4 {[%clk 0:19:59]} d5 {[%clk 0:19:59]} 2. Nc3 {[%clk 0:19:56]} Nf6
{[%clk 0:19:56]} 3. Nf3 {[%clk 0:19:55]} Nc6 {[%clk 0:19:54]} 4. Bg5
{[%clk 0:19:49]} Be6 {[%clk 0:19:43]} 5. Bxf6 {[%clk 0:19:47]} exf6
{[%clk 0:19:42]} 6. e3 {[%clk 0:19:30]} Bd6 {[%clk 0:19:35]} 7. Bb5
{[%clk 0:19:26]} O-O 8. O-O a6 {[%clk 0:19:12]} 9. Bxc6 {[%clk 0:19:23]} bxc6
{[%clk 0:19:08]} 10. e4 Rb8 {[%clk 0:19:01]} 11. Qb1 {[%clk 0:19:00]} dxe4
{[%clk 0:18:38]} 12. Nxe4 {[%clk 0:18:58]} Bf5 {[%clk 0:18:27]} 13. Nxd6
{[%clk 0:18:54]} Qxd6 {[%clk 0:18:22]} 14. Rd1 {[%clk 0:18:45]} Be4 15. Nh4
{[%clk 0:18:26]} Qe6 {[%clk 0:17:49]} 16. Re1 {[%clk 0:18:24]} Qg4
{[%clk 0:17:41]} 17. f3 {[%clk 0:18:12]} Qxh4 {[%clk 0:17:34]} 18. fxe4
{[%clk 0:18:11]} Qf4 {[%clk 0:17:23]} 19. Rf1 {[%clk 0:18:08]} Qxe4
{[%clk 0:17:18]} 20. c3 {[%clk 0:18:06]} Qe2 {[%clk 0:17:02]} 21. Qe1
{[%clk 0:18:00]} Qxe1 {[%clk 0:16:53]} 22. Raxe1 {[%clk 0:17:58]} Rxb2
{[%clk 0:16:50]} 23. Rf2 {[%clk 0:17:54]} Rxf2 {[%clk 0:16:46]} 24. Kxf2
{[%clk 0:17:52]} Rb8 {[%clk 0:16:43]} 25. Kg1 {[%clk 0:17:50]} Rb2
{[%clk 0:16:36]} 26. Re8# {[%clk 0:17:48]} 1-0

[Event "Nationale pupillendag 2013"]
[Site "Roosendaal"]
[Date "2013.06.15"]
[Round "2.16"]
[White "Bleeker, Kasper"]
[Black "Bötticher, Roderick"]
[Result "1-0"]
[LiveChessVersion "1.4.2"]
[BlackElo "345"]
[WhiteElo "587"]

1. e4 {[%clk 0:19:59]} e5 {[%clk 0:19:59]} 2. Nf3 {[%clk 0:19:57]} Bc5
{[%clk 0:19:55]} 3. Nc3 {[%clk 0:19:53]} Qf6 {[%clk 0:19:53]} 4. Bc4
{[%clk 0:19:48]} g5 {[%clk 0:19:51]} 5. O-O {[%clk 0:19:45]} Nc6 {[%clk 0:19:31]}
6. Nd5 {[%clk 0:19:43]} Qd6 7. Nxg5 Nf6 8. Nxf6+ {[%clk 0:19:38]} Qxf6
{[%clk 0:18:12]} 9. b3 Qxg5 10. d4 Qd8 11. dxc5 Na5 {[%clk 0:18:12]} 12. Qh5
{[%clk 0:19:38]} Rf8 13. Qxh7 Nxc4 {[%clk 0:17:59]} 14. bxc4 {[%clk 0:19:37]} d6
{[%clk 0:17:55]} 15. cxd6 {[%clk 0:19:36]} cxd6 {[%clk 0:17:53]} 16. Bh6
{[%clk 0:19:29]} Kd7 {[%clk 0:17:46]} 17. Bxf8 {[%clk 0:19:25]} Qxf8
{[%clk 0:17:41]} 18. Qf5+ {[%clk 0:19:22]} Kd8 {[%clk 0:17:39]} 19. Qf6+ Kc7 20.
Rfd1 Bg4 21. f3 Bc8 22. Rd2 Bd7 23. Rad1 Rd8 24. Qxd6+ Qxd6 25. Rxd6 Kc8 26. h4
Ba4 27. Rxd8+ Kc7 {[%clk 0:15:42]} 28. h5 Kxd8 {[%clk 0:15:37]} 29. Rxd8
{[%clk 0:19:09]} Bxc2 {[%clk 0:15:27]} 30. h6 {[%clk 0:19:04]} 1-0

[Event "Nationale pupillendag 2013"]
[Site "Roosendaal"]
[Date "2013.06.15"]
[Round "2.17"]
[White "Chen, Yisha"]
[Black "Sturm, Laurens"]
[Result "0-1"]
[LiveChessVersion "1.4.2"]
[BlackElo "473"]
[WhiteElo "135"]

1. e4 {[%clk 0:19:57]} d5 {[%clk 0:19:59]} 2. d3 {[%clk 0:19:54]} dxe4
{[%clk 0:19:57]} 3. dxe4 {[%clk 0:19:50]} Qxd1+ {[%clk 0:19:54]} 4. Kxd1
{[%clk 0:19:48]} Bg4+ {[%clk 0:19:51]} 5. f3 {[%clk 0:19:47]} Be6
{[%clk 0:19:48]} 6. Bd3 {[%clk 0:19:40]} Nc6 {[%clk 0:19:45]} 7. Nc3
{[%clk 0:19:38]} Nb4 {[%clk 0:19:43]} 8. Nh3 {[%clk 0:19:35]} Nxd3
{[%clk 0:19:40]} 9. cxd3 {[%clk 0:19:33]} g6 {[%clk 0:19:37]} 10. Ng5
{[%clk 0:19:30]} Bg7 {[%clk 0:19:34]} 11. Nxe6 {[%clk 0:19:27]} fxe6
{[%clk 0:19:32]} 12. g4 {[%clk 0:19:25]} Bxc3 {[%clk 0:19:29]} 13. bxc3
{[%clk 0:19:23]} Nh6 {[%clk 0:19:26]} 14. f4 {[%clk 0:19:21]} Nxg4
{[%clk 0:19:24]} 15. h3 {[%clk 0:19:20]} Nf2+ {[%clk 0:19:22]} 16. Ke1
{[%clk 0:19:17]} Nxh1 {[%clk 0:19:20]} 17. Ba3 {[%clk 0:19:13]} Rd8
{[%clk 0:19:17]} 18. c4 {[%clk 0:19:10]} Rxd3 {[%clk 0:19:13]} 19. Bb2
{[%clk 0:19:07]} Rf8 {[%clk 0:19:10]} 20. Rc1 {[%clk 0:18:57]} Rxf4
{[%clk 0:19:07]} 21. e5 {[%clk 0:18:50]} Re4+ {[%clk 0:19:03]} 22. Kf1
{[%clk 0:18:48]} Rf3+ {[%clk 0:18:59]} 23. Kg1 {[%clk 0:18:46]} Ng3
{[%clk 0:18:56]} 24. Kh2 {[%clk 0:18:45]} Re2+ {[%clk 0:18:49]} 25. Kh1
{[%clk 0:18:43]} Rf1# {[%clk 0:18:39]} 26. Rxf1 {[%clk 0:18:40]} Nxf1
{[%clk 0:18:37]} 27. Kg1 {[%clk 0:18:39]} Rxb2 {[%clk 0:18:34]} 28. Kxf1
{[%clk 0:18:37]} Rxa2 {[%clk 0:18:32]} 29. h4 {[%clk 0:18:33]} 0-1